Normal view
MARC view
- Charles Carlos Plummer, Diane Carlson
Entry Personal Name
001 - CONTROL NUMBER
- control field: 134125
003 - CONTROL NUMBER IDENTIFIER
- control field: NUST
005 - DATE AND TIME OF LATEST TRANSACTION
- control field: 20260415103059.0
008 - FIXED-LENGTH DATA ELEMENTS
- fixed length control field: 260415|| aca||aabn | a|a d
040 ## - CATALOGING SOURCE
- Original cataloging agency: NUST
- Transcribing agency: NUST
100 ## - HEADING--PERSONAL NAME
- Personal name: Charles Carlos Plummer, Diane Carlson
670 ## - SOURCE DATA FOUND
- Source citation: Work cat.: (NUST): Charles Carlos Plummer, Diane Carlson., Physical Geology /, 1996.
